000 00571nam a2200181Ia 4500
001 22823
005 20260414150856.0
008 260414t2018||||xx |||||||||||||| ||spa||
041 _aESP
082 _a624.151
_bB184
100 _aBühler, Michael Max
_eAUT
245 0 _aSoil dynamics and foundation modeling :
_bexperimental and numerical investigation of soil-foundation-structure interaction during monotonic, alternating and dinamic loading
260 _c2018
300 _a296 páginas :
_c23 cm.
650 _a0
654 _aCIC
942 _cLIB
_dJUS
_fJUS
_2ddc
_n
999 _c22823
_d22823